Finish the Beach House Song Title - Statistics

General Stats
  • This quiz has been taken 29 times
  • The average score is 10 of 12
Answer Stats
Hint Answer % Correct
Take Care
90%
Wherever You Go
90%
Beyond Love
90%
Apple Orchard
86%
Other People
86%
Space Song
86%
Master of None
81%
New Romance
81%
Somewhere Tonight
81%
Girl of the Year
81%
Lemon Glow
71%
Silver Soul
71%
No matching quizzes found
Score Distribution
Percent of People with Each Score
Percentile by Number Answered
Your Score History
You have not taken this quiz